Villes de Seine-Saint-Denis - Mort subite - Statistiques

Statistiques générales
  • Ce quiz a été pris 410 fois
    275 depuis la dernière actualisation
  • Le résultat moyen est 18 sur 23
Answers on the Grid
Answers color-coded by a green-red scale on the quiz's grid according to % correct below.
Saint-Denis
Aubervilliers
Montreuil
Noisy-le-Grand
Nanterre
Drancy
Levallois-Perret
Bobigny
Sevran
Clamart
Pantin
Meudon
La Courneuve
Bondy
Rueil-Malmaison
Bagnolet
Épinay-sur-Seine
Fontenay-aux-Roses
Le Blanc-Mesnil
Pierrefitte-sur-Seine
Neuilly-sur-Seine
Stains
Villetaneuse
Bourg-la-Reine
Vitry-sur-Seine
Cachan
Rosny-sous-Bois
Les Lilas
Le Pré-Saint-Gervais
Courbevoie
Suresnes
Asnières-sur-Seine
Romainville
Châtenay-Malabry
L’Île-Saint-Denis
Les Pavillons-sous-Bois
Tremblay-en-France
 
Statistiques - réponses
Réponse % Correct
Saint-Denis
88%
Bobigny
86%
Bondy
85%
Drancy
85%
Pantin
85%
Rosny-sous-Bois
85%
Aubervilliers
84%
La Courneuve
84%
Montreuil
82%
Noisy-le-Grand
82%
Sevran
82%
Bagnolet
81%
Le Blanc-Mesnil
80%
Les Lilas
78%
Romainville
78%
Stains
78%
L’Île-Saint-Denis
77%
Tremblay-en-France
74%
Pierrefitte-sur-Seine
73%
Villetaneuse
73%
Les Pavillons-sous-Bois
71%
Épinay-sur-Seine
70%
Le Pré-Saint-Gervais
68%
Aucun quiz correspondant
Distribution des résultats
% des personnes avec chaque résultat
Percentile par nombre de réponses
Votre historique - résultats
Vous n’avez pas pris ce quiz depuis la dernière actualisation